MARC details
| 000 -LEADER |
| fixed length control field |
02072cam a22004575a 4500 |
| 001 - CONTROL NUMBER |
| control field |
18852151 |
| 005 - DATE AND TIME OF LATEST TRANSACTION |
| control field |
20161009135629.0 |
| 008 - FIXED-LENGTH DATA ELEMENTS--GENERAL INFORMATION |
| fixed length control field |
151110t2016 flua frbe 001 0 eng d |
| 010 ## - LIBRARY OF CONGRESS CONTROL NUMBER |
| LC control number |
2015043651 |
| 020 ## - INTERNATIONAL STANDARD BOOK NUMBER |
| International Standard Book Number |
9781466511040 (set : hardcover : alkaline paper) |
| 020 ## - INTERNATIONAL STANDARD BOOK NUMBER |
| International Standard Book Number |
1466511044 (set : hardcover : alkaline paper) |
| 020 ## - INTERNATIONAL STANDARD BOOK NUMBER |
| International Standard Book Number |
9781466511088 (v. 1 : hardcover : alk. paper) |
| 020 ## - INTERNATIONAL STANDARD BOOK NUMBER |
| International Standard Book Number |
1466511087 (volume 1 : hardcover : alkaline paper) |
| 020 ## - INTERNATIONAL STANDARD BOOK NUMBER |
| International Standard Book Number |
9781466511095 (volume 2 : hardcover : alkaline paper) |
| 020 ## - INTERNATIONAL STANDARD BOOK NUMBER |
| International Standard Book Number |
1466511095 (volume 2 : hardcover : alkaline paper) |
| 020 ## - INTERNATIONAL STANDARD BOOK NUMBER |
| International Standard Book Number |
9781498762663 (volume 3 : hardcover : alkaline paper) |
| 020 ## - INTERNATIONAL STANDARD BOOK NUMBER |
| International Standard Book Number |
1498762662 (volume 3 : hardcover : alkaline paper) |
| 020 ## - INTERNATIONAL STANDARD BOOK NUMBER |
| International Standard Book Number |
9781498762670 (volume 4 : hardcover : alkaline paper) |
| 020 ## - INTERNATIONAL STANDARD BOOK NUMBER |
| International Standard Book Number |
1498762670 (volume 4 : hardcover : alkaline paper) |
| 020 ## - INTERNATIONAL STANDARD BOOK NUMBER |
| International Standard Book Number |
9781498762687 (volume 5 : hardcover : alkaline paper) |
| 020 ## - INTERNATIONAL STANDARD BOOK NUMBER |
| International Standard Book Number |
1498762689 (volume 5 : hardcover : alkaline paper) |
| 040 ## - CATALOGING SOURCE |
| Original cataloging agency |
DLC |
| Language of cataloging |
eng |
| Transcribing agency |
DLC |
| Modifying agency |
DLC |
| -- |
EG-ScBUE |
| 082 04 - DEWEY DECIMAL CLASSIFICATION NUMBER |
| Classification number |
669.103 |
| Item number |
ENC |
| Edition number |
22 |
| 245 00 - TITLE STATEMENT |
| Title |
Encyclopedia of iron, steel, and their alloys / |
| Statement of responsibility, etc |
edited by George E. Totten and Rafael Colas. |
| 246 30 - VARYING FORM OF TITLE |
| Title proper/short title |
Iron, steel, and their alloys |
| 260 ## - PUBLICATION, DISTRIBUTION, ETC. (IMPRINT) |
| Place of publication, distribution, etc |
Boca Raton : |
| Name of publisher, distributor, etc |
CRC Press / Taylor & Francis Group, |
| Date of publication, distribution, etc |
c.2016. |
| 300 ## - PHYSICAL DESCRIPTION |
| Extent |
5 v. : |
| Other physical details |
ill. ; |
| Dimensions |
29 cm |
| 500 ## - GENERAL NOTE |
| General note |
"A CRC title." |
| 504 ## - BIBLIOGRAPHY, ETC. NOTE |
| Bibliography, etc |
Includes bibliographical references and index. |
| 505 0# - FORMATTED CONTENTS NOTE |
| Formatted contents note |
Volume I. Activities-Cast iron -- volume II. Chromium-Heat treatment : regenerative -- volume III. Heat treatment : special-Molten -- volume IV. Nanofluids-Residual stresses -- volume V. Retained-Wetting. |
| 650 #0 - SUBJECT ADDED ENTRY--TOPICAL TERM |
| Topical term or geographic name as entry element |
Iron |
| Form subdivision |
Encyclopedias. |
| Source of heading or term |
BUEsh |
| 650 #0 - SUBJECT ADDED ENTRY--TOPICAL TERM |
| Topical term or geographic name as entry element |
Steel |
| Form subdivision |
Encyclopedias. |
| Source of heading or term |
BUEsh |
| 650 #0 - SUBJECT ADDED ENTRY--TOPICAL TERM |
| Topical term or geographic name as entry element |
Iron alloys |
| Form subdivision |
Encyclopedias. |
| Source of heading or term |
BUEsh |
| 650 #0 - SUBJECT ADDED ENTRY--TOPICAL TERM |
| Topical term or geographic name as entry element |
Steel alloys |
| Form subdivision |
Encyclopedias. |
| Source of heading or term |
BUEsh |
| 650 #0 - SUBJECT ADDED ENTRY--TOPICAL TERM |
| Topical term or geographic name as entry element |
Metallurgy |
| Form subdivision |
Encyclopedias. |
| Source of heading or term |
BUEsh |
| 651 ## - SUBJECT ADDED ENTRY--GEOGRAPHIC NAME |
| Source of heading or term |
BUEsh |
| 653 ## - INDEX TERM--UNCONTROLLED |
| Resource For college |
Engineering, General |
| Arrived date list |
October2016 |
| 700 1# - ADDED ENTRY--PERSONAL NAME |
| Personal name |
Totten, George E. |
| Relator term |
editor. |
| 9 (RLIN) |
41343 |
| 700 1# - ADDED ENTRY--PERSONAL NAME |
| Personal name |
Colas, Rafael, |
| Relator term |
editor. |
| 9 (RLIN) |
41344 |
| 942 ## - ADDED ENTRY ELEMENTS (KOHA) |
| Source of classification or shelving scheme |
Dewey Decimal Classification |